| 000 | 00596nam a2200193 a 4500 | ||
|---|---|---|---|
| 005 | 20251210064023.0 | ||
| 008 | 991125s1970 bel 000 0 fre u | ||
| 035 | _aUPN01000016834 | ||
| 049 | _aCG | ||
| 050 | 4 |
_aLB1105 _bC44 no.2 1970 |
|
| 100 | 1 | _aDebray-Ritzen, | |
| 245 | 1 | 2 |
_aL' écolier : _bsa santé - son éducation / _cpar Pierre Debray-Ritzen. |
| 260 |
_aBelgique : _bCasterman, _c1970. |
||
| 300 | _a235 p. | ||
| 440 | 0 |
_aE3. _pEnfance, éducation, enseignement ; _v2 |
|
| 650 | 4 |
_aEducación de niños _vColecciones _99141 |
|
| 650 | 4 |
_aNiños _xSalud e higiene _94876 |
|
| 905 | _aLibro | ||
| 999 |
_c16834 _d16834 |
||